[Event "II Weekend Hotel Corallo A"]
[Site "Imperia ITA"]
[Date "2007.11.18"]
[Round "4"]
[White "Biancotti, Alessandro"]
[Black "Moschetto, Giuliano"]
[Result "1-0"]
[WhiteElo "1828"]
[BlackElo "1678"]
[PlyCount "61"]
[EventDate "2007.11.16"]

1. e4 e5 2. Nf3 Nf6 3. Nxe5 d6 4. Nf3 Nxe4 5. d4 Be7 6. Bd3 Nf6 7. O-O Bg4 8.
c4 Nc6 9. Be3 Qd7 10. h3 Bh5 11. a3 Bg6 12. Nc3 a6 13. b4 Bxd3 14. Qxd3 O-O 15.
Rfe1 Rfe8 16. Rad1 Rad8 17. Nh4 g6 18. Nf3 Bf8 19. Bg5 Nh5 20. Bxd8 Nf4 21. Qd2
Nxh3+ 22. gxh3 Rxe1+ 23. Rxe1 Qxh3 24. Qf4 Nxd8 25. Nd5 Ne6 26. Nf6+ Kg7 27.
Qg4 Qh6 28. Rxe6 fxe6 29. Qxe6 Qc1+ 30. Kg2 Qf4 31. Qg8+ 1-0

[Event "II Weekend Hotel Corallo A"]
[Site "Imperia ITA"]
[Date "2007.11.18"]
[Round "4"]
[White "Gallitto, Salvatore"]
[Black "Mela, Riccardo"]
[Result "1-0"]
[WhiteElo "1946"]
[BlackElo "2044"]
[PlyCount "97"]
[EventDate "2007.11.16"]

1. d4 Nf6 2. e3 d5 3. Bd3 c5 4. c3 e6 5. Nd2 Be7 6. f4 Nc6 7. Ngf3 O-O 8. Ne5
Qc7 9. Qf3 c4 10. Bc2 b5 11. a3 Bb7 12. Qh3 Rad8 13. g4 Nxe5 14. fxe5 Ne4 15.
O-O a5 16. Qg2 Nxd2 17. Bxd2 b4 18. axb4 axb4 19. g5 Ra8 20. h4 Rxa1 21. Rxa1
Ra8 22. Rf1 Bc6 23. h5 g6 24. Rf6 Bxf6 25. gxf6 Kh8 26. hxg6 fxg6 27. Qh3 Qf7
28. cxb4 Ra1+ 29. Kf2 Ba4 30. Bxa4 Rxa4 31. Bc3 Ra1 32. Qh4 Ra8 33. e4 g5 34.
Qg4 Re8 35. exd5 exd5 36. b5 h6 37. b6 Kh7 38. b7 Qg6 39. Qd7+ Kh8 40. Qxd5
Qf5+ 41. Qf3 Qc2+ 42. Kg3 g4 43. Qe3 Qg6 44. f7 Rf8 45. e6 Qh5 46. d5+ Kh7 47.
Qe4+ Qg6 48. Qxg6+ Kxg6 49. Bb4 1-0

[Event "II Weekend Hotel Corallo A"]
[Site "Imperia ITA"]
[Date "2007.11.18"]
[Round "4"]
[White "Garnero, Lorenzo"]
[Black "Pugliese, Giuseppe"]
[Result "1-0"]
[WhiteElo "1871"]
[BlackElo "1830"]
[PlyCount "54"]
[EventDate "2007.11.16"]

1. e4 c5 2. Nf3 Nc6 3. d4 cxd4 4. Nxd4 Qc7 5. Be3 e6 6. Be2 Nf6 7. Nd2 a6 8.
O-O Be7 9. Kh1 Nxd4 10. Bxd4 e5 11. Bc3 d5 12. exd5 Nxd5 13. Bf3 Nxc3 14. bxc3
Be6 15. Qe2 O-O 16. Rfe1 f6 17. Rab1 Rab8 18. c4 Rfd8 19. Rb3 b5 20. Be4 f5 21.
Bd3 Bf6 22. f4 e4 23. Nxe4 Bxc4 24. Nxf6+ gxf6 25. Bxc4+ bxc4 26. Rg3+ Kf8 27.
Qh5 Qd7 1-0

[Event "II Weekend Hotel Corallo A"]
[Site "Imperia ITA"]
[Date "2007.11.18"]
[Round "4"]
[White "Massa, Giovanni"]
[Black "Pesce, Gabriele"]
[Result "0-1"]
[WhiteElo "2128"]
[BlackElo "2035"]
[PlyCount "56"]
[EventDate "2007.11.16"]

1. e4 c5 2. Nf3 Nc6 3. Nc3 e5 4. Bc4 d6 5. d3 Be7 6. h3 Nf6 7. Ng5 O-O 8. f4 h6
9. Nf3 Nh5 10. O-O Nxf4 11. Bxf4 exf4 12. Nd5 Na5 13. Nxf4 Nxc4 14. dxc4 Be6
15. Qd3 Qd7 16. Rad1 Rad8 17. Nh5 Rfe8 18. b3 Bf8 19. Nh4 Qe7 20. Rf4 Qg5 21.
Qf3 Bxh3 22. Rf1 Be6 23. Nf5 Kh8 24. Nhg3 g6 25. Qc3+ Kh7 26. R1f3 gxf5 27.
Nxf5 Bg7 28. Qd3 Be5 0-1

[Event "II Weekend Hotel Corallo A"]
[Site "Imperia ITA"]
[Date "2007.11.18"]
[Round "4"]
[White "Mercandelli, Claudio"]
[Black "Annoni, Riccardo"]
[Result "0-1"]
[WhiteElo "2004"]
[BlackElo "2076"]
[PlyCount "56"]
[EventDate "2007.11.16"]

1. Nf3 c5 2. c4 Nc6 3. Nc3 e5 4. g3 g6 5. Bg2 Bg7 6. d3 Nge7 7. O-O O-O 8. Ne1
d6 9. Nc2 Be6 10. Ne3 Qd7 11. Ned5 Bh3 12. e4 Bxg2 13. Kxg2 f5 14. f3 Rf7 15.
Bg5 Nxd5 16. Nxd5 Raf8 17. Qd2 Nd4 18. Be3 fxe4 19. fxe4 Nf3 20. Qe2 Qg4 21.
Nc3 Qh5 22. Kh1 Nxh2 23. Rxf7 Ng4+ 24. Kg1 Rxf7 25. Rf1 Rxf1+ 26. Kxf1 Qh3+ 27.
Ke1 Qxg3+ 28. Bf2 Qf4 0-1

[Event "II Weekend Hotel Corallo A"]
[Site "Imperia ITA"]
[Date "2007.11.18"]
[Round "4"]
[White "Ricca, Giorgio"]
[Black "De Santis, Alessio"]
[Result "0-1"]
[WhiteElo "2030"]
[BlackElo "2367"]
[PlyCount "36"]
[EventDate "2007.11.16"]

1. e4 c5 2. Nc3 Nc6 3. f4 g6 4. Nf3 Bg7 5. Bb5 Nd4 6. Nxd4 cxd4 7. Ne2 Nh6 8.
h3 O-O 9. c3 d5 10. Bd3 dxe4 11. Bxe4 d3 12. Ng3 f5 13. Qb3+ e6 14. Bf3 Qh4 15.
Kf2 g5 16. fxg5 Be5 17. gxh6 Bxg3+ 18. Ke3 Rd8 0-1

[Event "II Weekend Hotel Corallo A"]
[Site "Imperia ITA"]
[Date "2007.11.18"]
[Round "4"]
[White "Rossi Cassani, Gianni"]
[Black "Gioseffi, Massimiliano"]
[Result "0-1"]
[WhiteElo "1610"]
[BlackElo "2055"]
[PlyCount "46"]
[EventDate "2007.11.16"]

1. e4 c5 2. Nf3 d6 3. d4 cxd4 4. Nxd4 Nf6 5. Nc3 e6 6. Be2 Be7 7. Be3 Nc6 8. g4
d5 9. exd5 Nxd5 10. Nxd5 Qxd5 11. Nf3 Qa5+ 12. Nd2 e5 13. c3 O-O 14. Qc2 Be6
15. Bd3 g6 16. g5 Rac8 17. Nb3 Qc7 18. Qe2 Rfd8 19. h4 Bd5 20. Rg1 e4 21. Bc2
Nb4 22. Rh1 Bc4 23. Bd3 Nxd3+ 0-1

[Event "II Weekend Hotel Corallo A"]
[Site "Imperia ITA"]
[Date "2007.11.18"]
[Round "4"]
[White "Salerno, Luciano"]
[Black "Cardona, Paolo"]
[Result "0-1"]
[WhiteElo "1679"]
[BlackElo "1857"]
[PlyCount "78"]
[EventDate "2007.11.16"]

1. d4 d5 2. c4 c6 3. Nc3 Nf6 4. Bg5 e6 5. cxd5 exd5 6. e3 Be7 7. Bd3 h6 8. Bh4
O-O 9. Qc2 a5 10. Nf3 Nbd7 11. O-O Nh5 12. Bxe7 Qxe7 13. Rab1 Re8 14. a3 Nhf6
15. b4 axb4 16. axb4 Ne4 17. b5 Ra3 18. Rb3 Rxb3 19. Qxb3 Ndf6 20. bxc6 bxc6
21. Ne5 Nd2 22. Qa4 Nxf1 23. Kxf1 Qc7 24. Nxc6 Bd7 25. Bb5 Bxc6 26. Bxc6 Rb8
27. Nxd5 Nxd5 28. Bxd5 Qxh2 29. Qa2 Qh1+ 30. Ke2 Qh5+ 31. Ke1 Rb1+ 32. Kd2 Qd1+
33. Kc3 Rc1+ 34. Kb4 Qe1+ 35. Kb5 Rb1+ 36. Kc6 Qc3+ 37. Kd7 Ra1 38. Bxf7+ Kf8
39. Qe6 Ra7+ 0-1

[Event "II Weekend Hotel Corallo A"]
[Site "Imperia ITA"]
[Date "2007.11.18"]
[Round "5"]
[White "Annoni, Riccardo"]
[Black "De Santis, Alessio"]
[Result "0-1"]
[WhiteElo "2076"]
[BlackElo "2367"]
[PlyCount "50"]
[EventDate "2007.11.16"]

1. e4 c5 2. Nc3 Nc6 3. g3 g6 4. Bg2 Bg7 5. d3 h5 6. h3 d6 7. f4 e6 8. Nf3 Nge7
9. O-O a6 10. Be3 Nd4 11. Qd2 d5 12. exd5 exd5 13. Ne5 f6 14. Nxg6 Nxg6 15.
Nxd5 Bxh3 16. c3 Bxg2 17. Qxg2 Nc2 18. Bxc5 Nxa1 19. Rxa1 Kf7 20. f5 Ne5 21. d4
Nc6 22. Nc7 Rc8 23. Ne6 Qd7 24. g4 Bh6 25. d5 Ne5 0-1

[Event "II Weekend Hotel Corallo A"]
[Site "Imperia ITA"]
[Date "2007.11.18"]
[Round "5"]
[White "Arata, Roberto Mario"]
[Black "Finocchiaro, Gianluca"]
[Result "1-0"]
[WhiteElo "2147"]
[BlackElo "1973"]
[PlyCount "53"]
[EventDate "2007.11.16"]

1. d4 Nf6 2. c4 g6 3. Nc3 d5 4. cxd5 Nxd5 5. e4 Nxc3 6. bxc3 Bg7 7. Be3 c5 8.
Nf3 O-O 9. Rc1 cxd4 10. cxd4 Qa5+ 11. Qd2 Qxd2+ 12. Nxd2 Nc6 13. Nf3 Bg4 14. d5
Bxf3 15. gxf3 Nd4 16. Bh3 Nxf3+ 17. Ke2 Nd4+ 18. Kd3 Nb5 19. a4 Nd6 20. Rc7 f5
21. f3 Rac8 22. Rhc1 Rxc7 23. Rxc7 Be5 24. Rxe7 fxe4+ 25. fxe4 Bxh2 26. Be6+
Nf7 27. Bh6 1-0

[Event "II Weekend Hotel Corallo A"]
[Site "Imperia ITA"]
[Date "2007.11.18"]
[Round "5"]
[White "Badano, Fabio"]
[Black "Ricca, Giorgio"]
[Result "0-1"]
[WhiteElo "1787"]
[BlackElo "2030"]
[PlyCount "88"]
[EventDate "2007.11.16"]

1. e4 e5 2. Nf3 Nf6 3. Nxe5 d6 4. Nf3 Nxe4 5. d4 d5 6. Bd3 Be7 7. O-O Nc6 8. c4
Nb4 9. Be2 O-O 10. a3 Nc6 11. cxd5 Qxd5 12. b4 Bf5 13. Be3 a5 14. b5 Na7 15. a4
c6 16. Ne5 cxb5 17. axb5 Bb4 18. Bc4 Qd8 19. Qb3 Nd6 20. Na3 Nxc4 21. Qxc4 Rc8
22. Qe2 Rc3 23. d5 Qxd5 24. Bxa7 Bxa3 25. Rfd1 Qe6 26. Rxa3 Rxa3 27. Bc5 Ra2
28. Qc4 Qxe5 29. Bxf8 Ra1 30. Qf1 Rxd1 31. Qxd1 Kxf8 32. Qd8+ Qe8 33. Qxa5 Bd7
34. Qb4+ Qe7 35. Qa5 g6 36. Qa8+ Kg7 37. Qa1+ f6 38. b6 Qc5 39. Qe1 Qe5 40. Qc1
Bc6 41. h4 Qe4 42. f3 Qd4+ 43. Kf1 Bb5+ 44. Ke1 Qg1+ 0-1

[Event "II Weekend Hotel Corallo A"]
[Site "Imperia ITA"]
[Date "2007.11.18"]
[Round "5"]
[White "Faraci, Antonino"]
[Black "Mercandelli, Claudio"]
[Result "1-0"]
[WhiteElo "2051"]
[BlackElo "2004"]
[PlyCount "61"]
[EventDate "2007.11.16"]

1. Nf3 Nf6 2. b3 g6 3. Bb2 Bg7 4. e3 d6 5. d4 c6 6. h3 Nbd7 7. Nbd2 Qc7 8. Be2
O-O 9. O-O b5 10. Rc1 b4 11. c4 c5 12. Qc2 e5 13. d5 Re8 14. e4 Nf8 15. Ne1 Nh5
16. Bxh5 gxh5 17. Qd1 Ng6 18. Nd3 f5 19. Qxh5 f4 20. Nf3 Bf6 21. g3 fxg3 22.
fxg3 Qe7 23. Rc2 Bd7 24. Bc1 Kh8 25. Ng5 Nf4 26. gxf4 Rg8 27. Rg2 Be8 28. Qf3
exf4 29. Ne6 Rxg2+ 30. Kxg2 Bg6 31. Qxf4 1-0

[Event "II Weekend Hotel Corallo A"]
[Site "Imperia ITA"]
[Date "2007.11.18"]
[Round "5"]
[White "Lanzillotta, Daniele"]
[Black "Rossi Cassani, Gianni"]
[Result "1/2-1/2"]
[WhiteElo "1736"]
[BlackElo "1610"]
[PlyCount "78"]
[EventDate "2007.11.16"]

1. d4 g6 2. c4 Bg7 3. Nc3 d6 4. Nf3 a6 5. e3 Nd7 6. Be2 b6 7. O-O Bb7 8. Qc2 e6
9. b3 Ne7 10. Bb2 h6 11. Nd2 f5 12. Bf3 Bxf3 13. Nxf3 g5 14. Rad1 O-O 15. e4
Qe8 16. exf5 exf5 17. Rfe1 Qf7 18. Qe2 Rae8 19. Qe6 Ng6 20. Qxf7+ Kxf7 21. d5
g4 22. Nd2 Rxe1+ 23. Rxe1 Nc5 24. Nd1 Ne5 25. f3 Ncd3 26. Re2 Nxb2 27. Nxb2
gxf3 28. Nxf3 Nxf3+ 29. gxf3 Bd4+ 30. Kg2 Rg8+ 31. Kh3 Rg5 32. Nd3 Rh5+ 33. Kg3
Bf6 34. h3 Rg5+ 35. Kh2 Bd4 36. Rg2 Be5+ 37. f4 Rxg2+ 38. Kxg2 Bc3 39. Kf3 Kf6
1/2-1/2

[Event "II Weekend Hotel Corallo A"]
[Site "Imperia ITA"]
[Date "2007.11.18"]
[Round "5"]
[White "Ludwig, Remi"]
[Black "Pesce, Gabriele"]
[Result "1-0"]
[WhiteElo "2078"]
[BlackElo "2035"]
[PlyCount "47"]
[EventDate "2007.11.16"]

1. d4 Nf6 2. c4 g6 3. Nc3 Bg7 4. e4 d6 5. Be2 O-O 6. Nf3 e5 7. O-O Nc6 8. d5
Ne7 9. b4 Nd7 10. a4 f5 11. Ba3 Nf6 12. Nd2 f4 13. c5 h5 14. b5 Rf7 15. Nc4 Ne8
16. a5 b6 17. axb6 axb6 18. cxb6 cxb6 19. Bb4 Rb8 20. Na4 Nxd5 21. Qxd5 Nc7 22.
Qxd6 Qg5 23. h4 Qxh4 24. Nxe5 1-0

[Event "II Weekend Hotel Corallo A"]
[Site "Imperia ITA"]
[Date "2007.11.18"]
[Round "5"]
[White "Pedemonte, Claudio"]
[Black "Pesce, Leandro"]
[Result "1-0"]
[WhiteElo "1873"]
[BlackElo "1715"]
[PlyCount "90"]
[EventDate "2007.11.16"]

1. c4 g6 2. g3 Bg7 3. Nc3 d6 4. Bg2 c6 5. e4 Nf6 6. Nge2 O-O 7. O-O e5 8. d3
Nbd7 9. b3 a5 10. h3 Qc7 11. Be3 Nc5 12. Qd2 Be6 13. d4 exd4 14. Nxd4 Bd7 15.
Rfd1 Rad8 16. Bg5 Ne6 17. Nxe6 Bxe6 18. Rac1 Rd7 19. Qe3 Ne8 20. Bh6 Qd8 21.
Bxg7 Kxg7 22. f4 f5 23. Rd2 Nf6 24. exf5 Bf7 25. fxg6 hxg6 26. Rcd1 Re8 27. Qd4
Kh7 28. Ne4 Nxe4 29. Bxe4 c5 30. Qd3 Qf6 31. Bd5 Be6 32. Bxe6 Qxe6 33. Kg2 Kg7
34. g4 Rf8 35. Rf2 Qe7 36. Qc3+ Kh7 37. Kg3 Rh8 38. Re1 Qd8 39. Re6 d5 40. Qc2
Rg8 41. f5 Qc7+ 42. Kg2 d4 43. fxg6+ Kg7 44. Qf5 b6 45. Qf6+ Kh6 1-0

[Event "II Weekend Hotel Corallo A"]
[Site "Imperia ITA"]
[Date "2007.11.18"]
[Round "5"]
[White "Tagliano, Maurizio"]
[Black "Salerno, Luciano"]
[Result "1/2-1/2"]
[WhiteElo "1775"]
[BlackElo "1679"]
[PlyCount "61"]
[EventDate "2007.11.16"]

1. e4 c6 2. d4 d5 3. e5 Bf5 4. g4 Bg6 5. h4 h5 6. g5 e6 7. Bd3 Bxd3 8. Qxd3 Ne7
9. Ne2 Nf5 10. Ng3 Nxg3 11. fxg3 g6 12. O-O Be7 13. Qf3 O-O 14. g4 hxg4 15.
Qxg4 Nd7 16. Be3 c5 17. c3 Rc8 18. Rf2 cxd4 19. cxd4 Nb6 20. b3 Nd7 21. Nd2 Rc2
22. h5 Qb6 23. hxg6 fxg6 24. Rxf8+ Kxf8 25. Rf1+ Ke8 26. Qh4 Qc6 27. Qf4 Nf8
28. Nf3 Rxa2 29. Nh4 Qc2 30. Rc1 Qe2 31. Rf1 1/2-1/2

[Event "II Weekend Hotel Corallo A"]
[Site "Imperia ITA"]
[Date "2007.11.18"]
[Round "5"]
[White "Van Hoolandt, Patrick"]
[Black "Di Paolo, Raffaele"]
[Result "1/2-1/2"]
[WhiteElo "2245"]
[BlackElo "2342"]
[PlyCount "21"]
[EventDate "2007.11.16"]

1. d4 e6 2. c4 f5 3. g3 Nf6 4. Bg2 d5 5. Nf3 c6 6. b3 Bd6 7. O-O Qe7 8. Ne5 O-O
9. Nd2 b6 10. cxd5 exd5 11. Bb2 1/2-1/2

[Event "XV C.to Union SCIPT"]
[Site "Oporto POR"]
[Date "2007.09.10"]
[Round "1.1"]
[White "Schmidt, Wlodzimierz"]
[Black "Magalotti, Andrea"]
[Result "1-0"]
[WhiteElo "2415"]
[BlackElo "2112"]
[Annotator "ITA-POL"]
[PlyCount "75"]
[EventDate "2007.09.10"]

1. d4 Nf6 2. c4 c5 3. d5 e6 4. Nc3 exd5 5. cxd5 d6 6. Nf3 g6 7. Nd2 Bg7 8. e4
O-O 9. Be2 Re8 10. O-O Na6 11. Kh1 Nc7 12. a4 b6 13. f3 Rb8 14. Nc4 Ba6 15. Bg5
h6 16. Be3 Qd7 17. Qd2 Kh7 18. b3 Bxc4 19. bxc4 Na6 20. a5 Nb4 21. a6 Nh5 22.
g4 Bxc3 23. Qxc3 Ng7 24. Bd1 f5 25. Ba4 Qe7 26. Bxe8 Rxe8 27. gxf5 gxf5 28.
Rae1 fxe4 29. Bf4 Qh4 30. Bg3 Qh3 31. fxe4 Rxe4 32. Rf7 Rxe1+ 33. Qxe1 Qg4 34.
Bxd6 Nd3 35. Qg1 Qe4+ 36. Qg2 Qe1+ 37. Rf1 Qc3 38. Qe4+ 1-0

[Event "XV C.to Union SCIPT"]
[Site "Oporto POR"]
[Date "2007.09.10"]
[Round "1.2"]
[White "Rubinato, Cristian"]
[Black "Stypka, Mieczyslaw"]
[Result "1/2-1/2"]
[WhiteElo "1898"]
[BlackElo "2222"]
[Annotator "ITA-POL"]
[PlyCount "86"]
[EventDate "2007.09.10"]

1. d4 Nf6 2. Nf3 g6 3. Bf4 d6 4. e3 Nh5 5. Bg5 h6 6. Bh4 g5 7. Nfd2 Ng7 8. Bg3
Nf5 9. Qh5 Bg7 10. c3 Nd7 11. Bc4 O-O 12. h4 Nxg3 13. fxg3 d5 14. Bd3 Nf6 15.
Qe2 Qd6 16. hxg5 Qxg3+ 17. Kd1 Bg4 18. Nf3 Ne4 19. Nbd2 Nf2+ 20. Kc2 Nxh1 21.
Rxh1 f5 22. gxh6 Bf6 23. Kb1 Kh8 24. Nf1 Bxf3 25. gxf3 Qg5 26. e4 e5 27. dxe5
Bxe5 28. exd5 Rae8 29. Bb5 Re7 30. Qf2 b6 31. Rg1 Qxh6 32. Ne3 Rg7 33. Rf1 Bg3
34. Qd2 Bf4 35. Qd1 Kg8 36. d6 Qxd6 37. Bc4+ Kh8 38. Nd5 Bh6 39. Qe2 c6 40. Ne3
Re7 41. Rh1 Qf4 42. Nd5 Rxe2 43. Nxf4 Re1+ 1/2-1/2

[Event "XV C.to Union SCIPT"]
[Site "Oporto POR"]
[Date "2007.09.10"]
[Round "1.4"]
[White "De Caro, Michele"]
[Black "Jedra, Waldemar"]
[Result "0-1"]
[WhiteElo "1955"]
[BlackElo "2031"]
[Annotator "ITA-POL"]
[PlyCount "82"]
[EventDate "2007.09.10"]

1. d4 Nf6 2. Nf3 g6 3. c4 Bg7 4. Nc3 O-O 5. e4 d6 6. Be2 e5 7. dxe5 dxe5 8.
Qxd8 Rxd8 9. Bg5 Re8 10. Rd1 Na6 11. O-O Nc5 12. Nd2 c6 13. Be3 Ne6 14. Nf3 Ng4
15. Bc1 f6 16. h3 Nh6 17. Be3 Nf7 18. c5 Bh6 19. Bxh6 Nxh6 20. Bc4 Nf7 21. Na4
Rb8 22. Rd2 Kf8 23. Rfd1 Rd8 24. b4 Rxd2 25. Rxd2 b5 26. cxb6 axb6 27. Nc3 b5
28. Bb3 Ke7 29. Kf1 Ned8 30. Ke2 Be6 31. Bxe6 Nxe6 32. g3 Nd6 33. Rd3 Nc4 34.
Ke1 Ra8 35. Rd1 Ra3 36. Rc1 Nd4 37. Nd2 Nb2 38. Kf1 Nd3 39. Nxb5 cxb5 40. Rc7+
Ke6 41. Rxh7 Rxa2 0-1

[Event "XV C.to Union SCIPT"]
[Site "Oporto POR"]
[Date "2007.09.11"]
[Round "2.1"]
[White "Rubinato, Cristian"]
[Black "Van Gool, Henk"]
[Result "1-0"]
[WhiteElo "1898"]
[BlackElo "2149"]
[Annotator "ITA-NED"]
[PlyCount "95"]
[EventDate "2007.09.10"]

1. d4 Nf6 2. Nf3 e6 3. Bf4 b6 4. e3 Bb7 5. Bd3 Be7 6. Nbd2 d6 7. h3 h6 8. c3
Nbd7 9. Qe2 a6 10. O-O O-O 11. Bh2 Nh7 12. e4 Re8 13. a4 Bf8 14. e5 dxe5 15.
dxe5 Nc5 16. Bc2 a5 17. Rfd1 Qe7 18. Ne4 Red8 19. Nfd2 Ng5 20. Nxc5 Qxc5 21. h4
Qc6 22. f3 Qc5+ 23. Kh1 Nh7 24. Ne4 Qe7 25. Bg3 Qe8 26. Bf4 Be7 27. Qe3 Bxh4
28. Bxh6 Qf8 29. Bf4 Be7 30. g4 g5 31. Bg3 Rxd1+ 32. Rxd1 Rd8 33. Rf1 Bc5 34.
Qe2 Bxe4 35. Bxe4 Qg7 36. Kg2 Nf8 37. Rd1 Re8 38. Qb5 Re7 39. Rd8 f5 40. exf6
Qxf6 41. b4 axb4 42. a5 Qxc3 43. a6 Qb2+ 44. Kf1 c6 45. Bxc6 Rh7 46. f4 gxf4
47. Qe2 Qxe2+ 48. Kxe2 1-0

[Event "XV C.to Union SCIPT"]
[Site "Oporto POR"]
[Date "2007.09.11"]
[Round "2.2"]
[White "Schwartz, Arie"]
[Black "Pace, Roberto"]
[Result "1/2-1/2"]
[WhiteElo "2256"]
[BlackElo "2054"]
[Annotator "ITA-NED"]
[PlyCount "74"]
[EventDate "2007.09.10"]

1. d4 Nf6 2. Nf3 e6 3. c4 Bb4+ 4. Bd2 Qe7 5. Nc3 Bxc3 6. Bxc3 Ne4 7. Qc2 Nxc3
8. Qxc3 d6 9. g3 b6 10. Bg2 Bb7 11. O-O O-O 12. d5 e5 13. e4 Nd7 14. Rac1 a5
15. b3 g6 16. Qd2 Qf6 17. h4 Qg7 18. h5 Nc5 19. Nh4 Rae8 20. h6 Qf6 21. Rce1
Bc8 22. Qe3 Kh8 23. Nf3 Bg4 24. Ng5 Qe7 25. Bh3 Bxh3 26. Nxh3 f6 27. Kg2 Rf7
28. f3 Qf8 29. Rh1 Rfe7 30. Nf2 f5 31. Rh4 Qf6 32. Rhh1 Rg8 33. g4 fxe4 34.
Nxe4 Nxe4 35. Qxe4 Rf8 36. Rh3 Ref7 37. Qe3 Qf4 1/2-1/2

[Event "XV C.to Union SCIPT"]
[Site "Oporto POR"]
[Date "2007.09.11"]
[Round "2.3"]
[White "De Caro, Michele"]
[Black "In't Veld, Rene"]
[Result "0-1"]
[WhiteElo "1955"]
[BlackElo "2116"]
[Annotator "ITA-NED"]
[PlyCount "84"]
[EventDate "2007.09.10"]

1. d4 d5 2. Nf3 Bf5 3. c4 e6 4. Nc3 Nc6 5. Bf4 Nf6 6. e3 Bd6 7. Bg5 Be7 8. Be2
h6 9. Bh4 a6 10. O-O g5 11. Bg3 Ne4 12. Nxe4 Bxe4 13. Ne5 Nxe5 14. Bxe5 Rg8 15.
Rc1 c6 16. f3 Bg6 17. Bd3 Bd6 18. Bxd6 Qxd6 19. Qb3 Bxd3 20. Qxd3 f5 21. cxd5
Qxd5 22. b3 O-O-O 23. Rfd1 g4 24. e4 Qa5 25. Rc2 Qb6 26. exf5 e5 27. Qe4 Rxd4
28. Rxd4 Qxd4+ 29. Qxd4 exd4 30. Rc4 gxf3 31. g3 d3 32. Rc1 Rd8 33. Kf2 d2 34.
Rd1 Rd3 35. g4 Kd7 36. h4 Kd6 37. g5 hxg5 38. hxg5 Ke5 39. g6 Kf6 40. Kg3 c5
41. a4 b5 42. axb5 axb5 0-1

[Event "XV C.to Union SCIPT"]
[Site "Oporto POR"]
[Date "2007.09.11"]
[Round "3.1"]
[White "Supolo, Jozsef"]
[Black "Magalotti, Andrea"]
[Result "0-1"]
[WhiteElo "2207"]
[BlackElo "2112"]
[Annotator "ITA-HUN"]
[PlyCount "82"]
[EventDate "2007.09.10"]

1. d4 Nf6 2. Bg5 g6 3. c3 Bg7 4. Nd2 h6 5. Bxf6 Bxf6 6. e4 d6 7. Bc4 Nd7 8.
Ngf3 e5 9. h3 Qe7 10. O-O O-O 11. Re1 c6 12. Nf1 b5 13. Bb3 Bb7 14. Qd2 Kh7 15.
Ne3 Rad8 16. a4 a6 17. axb5 axb5 18. Ra7 Nb6 19. Qd3 Nc8 20. Raa1 Qe8 21. Ra5
exd4 22. cxd4 Nb6 23. e5 Bg7 24. exd6 Qd7 25. Ne5 Qxd6 26. Nxf7 Qxd4 27. Qc2
Qb4 28. Raa1 Rd2 29. Qxd2 Qxd2 30. Ng4 Nc4 31. Bxc4 bxc4 32. Re7 Qxb2 33. Ra7
c3 34. Ne3 c2 35. Nxc2 Qxc2 36. Raxb7 Qc1+ 37. Kh2 Qf4+ 38. Kg1 Kg8 39. Ng5
Qc1+ 40. Kh2 Qf4+ 41. Kg1 Bf6 0-1

[Event "XV C.to Union SCIPT"]
[Site "Oporto POR"]
[Date "2007.09.11"]
[Round "3.2"]
[White "Pace, Roberto"]
[Black "Kustra, Pal"]
[Result "0-1"]
[WhiteElo "2054"]
[BlackElo "2056"]
[Annotator "ITA-HUN"]
[PlyCount "100"]
[EventDate "2007.09.10"]

1. e4 g6 2. d4 Bg7 3. Nf3 c5 4. dxc5 Qa5+ 5. c3 Qxc5 6. Bd3 Nf6 7. O-O O-O 8.
Qe2 d6 9. Nbd2 Nc6 10. Nb3 Qh5 11. Nfd4 Qxe2 12. Nxe2 Bd7 13. f4 Rad8 14. h3 h5
15. Be3 e5 16. Rad1 Be6 17. fxe5 dxe5 18. Bg5 Rxd3 19. Rxd3 Nxe4 20. Be3 Bc4
21. Rd7 Bxe2 22. Re1 Ba6 23. Bc5 Nxc5 24. Nxc5 Rc8 25. Nxa6 bxa6 26. Red1 Bf8
27. R1d5 Kg7 28. Rb7 Kf6 29. Kf1 Ke6 30. Rdd7 Bd6 31. Ke2 e4 32. Ke3 Ne5 33.
Rxd6+ Kxd6 34. Kxe4 Rc4+ 35. Ke3 Rc7 36. Rb8 Kd5 37. Kf4 f6 38. Ke3 h4 39. Kf4
Rc4+ 40. Ke3 Re4+ 41. Kf2 g5 42. Rd8+ Kc4 43. Rd6 Nd3+ 44. Kf3 Rf4+ 45. Ke3
Nxb2 46. Rxa6 Kxc3 47. Rxa7 Ra4 48. Rf7 Nc4+ 49. Kf2 Rxa2+ 50. Kf1 Ne3+ 0-1

[Event "XV C.to Union SCIPT"]
[Site "Oporto POR"]
[Date "2007.09.11"]
[Round "3.3"]
[White "Hidvegi, Attila"]
[Black "De Caro, Michele"]
[Result "1-0"]
[WhiteElo "2157"]
[BlackElo "1955"]
[Annotator "ITA-HUN"]
[PlyCount "81"]
[EventDate "2007.09.10"]

1. e4 e5 2. Nf3 Nc6 3. Bb5 a6 4. Ba4 Nf6 5. O-O b5 6. Bb3 Be7 7. d4 Nxe4 8.
dxe5 Bb7 9. Qd5 Nxe5 10. Qxe5 O-O 11. Re1 Bf6 12. Qf4 d5 13. c3 Re8 14. Rd1 c5
15. Bc2 Qb6 16. Nbd2 Rad8 17. Nxe4 dxe4 18. Rxd8 Qxd8 19. Ne1 Be5 20. Qg5 Qd6
21. g3 f6 22. Qd2 Qc7 23. Qe2 f5 24. Ng2 Qc6 25. Be3 h6 26. Rd1 Rf8 27. Qd2 Rf7
28. Bb3 c4 29. Bc2 g5 30. Qd8+ Kg7 31. Qb6 Qxb6 32. Bxb6 f4 33. Bd4 Bxd4 34.
Rxd4 e3 35. gxf4 e2 36. Be4 gxf4 37. f3 Bc8 38. Rd2 Bh3 39. Rxe2 Bxg2 40. Rxg2+
Kf8 41. Kf2 1-0

[Event "XV C.to Union SCIPT"]
[Site "Oporto POR"]
[Date "2007.09.11"]
[Round "3.4"]
[White "Gentile, Claudio"]
[Black "Liskan, Lajos"]
[Result "1/2-1/2"]
[WhiteElo "2138"]
[BlackElo "2036"]
[Annotator "ITA-HUN"]
[PlyCount "43"]
[EventDate "2007.09.10"]

1. c4 c6 2. Nc3 d5 3. cxd5 cxd5 4. d4 e6 5. Nf3 Nc6 6. Bf4 Bd6 7. Bxd6 Qxd6 8.
e3 Nf6 9. Bd3 O-O 10. O-O e5 11. dxe5 Nxe5 12. Nxe5 Qxe5 13. Qc2 Be6 14. Ne2
Rac8 15. Qa4 a6 16. Qd4 Qxd4 17. Nxd4 Rfe8 18. Rac1 Rxc1 19. Rxc1 Rc8 20. Rxc8+
Bxc8 21. Nf5 Bd7 22. f3 1/2-1/2

[Event "XV C.to Union SCIPT"]
[Site "Oporto POR"]
[Date "2007.09.12"]
[Round "4.1"]
[White "Magalotti, Andrea"]
[Black "Rufener, Markus"]
[Result "1/2-1/2"]
[WhiteElo "2112"]
[BlackElo "2255"]
[Annotator "ITA-SUI"]
[PlyCount "65"]
[EventDate "2007.09.10"]

1. e4 c5 2. c3 d5 3. exd5 Qxd5 4. d4 Nf6 5. Nf3 Nc6 6. Be2 Bg4 7. Be3 cxd4 8.
cxd4 e6 9. Nc3 Qa5 10. O-O Be7 11. h3 Bh5 12. Qb3 Qb4 13. Qxb4 Bxb4 14. a3 Be7
15. Rfd1 Rd8 16. g4 Bg6 17. Ne5 O-O 18. Nxc6 bxc6 19. Rac1 Rb8 20. Na4 Be4 21.
b4 Rfd8 22. Nc5 Bd5 23. Nd3 Ne4 24. Ne5 a5 25. Nxc6 Bxc6 26. Rxc6 axb4 27. axb4
Rxb4 28. Bf3 Nf6 29. Rdc1 Nd5 30. Bxd5 Rxd5 31. Rc8+ Bf8 32. Ra8 Rb7 33. Rcc8
1/2-1/2

[Event "XV C.to Union SCIPT"]
[Site "Oporto POR"]
[Date "2007.09.12"]
[Round "4.2"]
[White "Ramseier, Jana S."]
[Black "Rubinato, Cristian"]
[Result "1-0"]
[WhiteElo "2155"]
[BlackElo "1898"]
[Annotator "ITA-SUI"]
[PlyCount "31"]
[EventDate "2007.09.10"]

1. d4 d5 2. Nf3 Bf5 3. c4 e6 4. Nc3 Nf6 5. Bg5 c6 6. e3 Nbd7 7. cxd5 exd5 8.
Bd3 Bg6 9. Rc1 Qb6 10. Bxg6 hxg6 11. Qe2 Bd6 12. O-O Ne4 13. Bf4 Bxf4 14. exf4
Ndf6 15. Rfd1 O-O 16. Na4 1-0

[Event "XV C.to Union SCIPT"]
[Site "Oporto POR"]
[Date "2007.09.13"]
[Round "5.1"]
[White "Andersen, Alf R."]
[Black "Magalotti, Andrea"]
[Result "1-0"]
[WhiteElo "2198"]
[BlackElo "2112"]
[Annotator "ITA-NOR"]
[PlyCount "67"]
[EventDate "2007.09.10"]

1. e4 c5 2. Nf3 d6 3. d4 cxd4 4. Nxd4 Nf6 5. Nc3 g6 6. Be3 Bg7 7. Qd2 Ng4 8.
Bg5 h6 9. Bh4 Nc6 10. Nb3 Be6 11. Be2 O-O 12. O-O a5 13. a4 Rc8 14. Rab1 Nb4
15. Nd4 Ne5 16. Nxe6 fxe6 17. f4 Nc4 18. Bxc4 Rxc4 19. Rf3 Qd7 20. Re1 e5 21.
fxe5 Rxf3 22. gxf3 Qh3 23. Bg3 dxe5 24. Qd8+ Kh7 25. Qxe7 Qh5 26. Qf7 Rd4 27.
Nd5 Nxd5 28. exd5 e4 29. Rxe4 Rxe4 30. fxe4 Qd1+ 31. Kg2 Qxc2+ 32. Kf3 Qd3+ 33.
Kg2 Qxe4+ 34. Qf3 1-0